000
00319nam a2200133Ia 4500
005
20251222143256.0
008
251222s9999||||xx |||||||||||||| ||spa||
020
_a
9972-885-69-0
082
_a
869.56/R47
100
_a
Reyes Tarazona, Roberto
245
0
_a
La Caza del Cuento
264
_b
Universitaria
942
_c
LIB
999
_c
15130
_d
15130